000 00487nam a2200181Ia 4500
005 20250508151454.0
008 008 250505s9999 xx 000 0 eng d
037 _aTextual
040 _aFEDL
_beng
_cFEDL
041 _aeng
_2eng
084 _a824.82, GAS
_qFEDL
100 _aGascoyne David
_920216
245 0 _aThomas Carlyle
260 _aLondon, UK
_bLongmans, Green and Co.
_c1952
300 _a44p
942 _cTEXL
_h824.82, GAS
999 _c1330034
_d1330034